00679nam a22002177a 4500003000400000082001800004245003800022260005700060300000900117546001200126650003300138650001800171650002900189650002700218650002400245700001400269700002300283942001200306999001900318952012400337OSt a631.8bJAI/HA aHandbook on fertiliser technology aNew DelhibThe fertiliser association of Indiac1980 a93p. aEnglish aFertiliser industry in India aIntermediates aNiitrogenous fertilisers aPhosphatic fertilisers aComplex fertilisers aJain, B K aSivashankaran, V S 2ddccBK c162732d162732 00102ddc40708GenaKAUCLVbKAUCLVcGENERALd2018-11-23l0o631.8 JAI/HAp809900r2018-11-23 00:00:00w2018-11-23yBK